| 000 | 00681nam a2200217Ia 4500 | ||
|---|---|---|---|
| 005 | 20250508155113.0 | ||
| 008 | 008 250505s9999 xx 000 0 eng d | ||
| 037 | _aBooks to be hide in OPAC | ||
| 040 |
_aFEDL _beng _cFEDL |
||
| 041 |
_aeng _2eng |
||
| 084 |
_a378, UNE/O _qFEDL |
||
| 100 |
_aProkofiev M A _9766688 |
||
| 245 | 0 | _aHigher education in the USSR | |
| 245 | 0 | _cUNESCO | |
| 260 |
_aParis, France _bUnited Nations Educational, Scientific and Cultural Organization _c1961 |
||
| 300 | _a59p. | ||
| 490 | _aEducation studies and documents; 39 | ||
| 700 |
_a Chilikin M G Thlpanov S I _9766689 |
||
| 942 |
_cHB _h378, UNE/O |
||
| 999 |
_c1354235 _d1354235 |
||